Datum a čas kvízu
19.5
Celkem bodů
Celkový počet nahraných bodů na tomto kvízu bez doplňovacích otázek.
7.
Pořadí na kvízu
Konečné umístění týmu na tomto kvízu.
Zaznamenané odpovědi
| # | Otázka | Odpověď | Body | Výsledky |
|---|---|---|---|---|
| 1. | Plzeň má nového primátora. Nej... | Roman Zarzycký, hnutí ANO | 0 | |
| 2. | Jistá evropská metropole se ro... | Berlín | 0 | |
| 3. | Hejtman Libereckého kraje Mart... | Jan Schmid | 0 | |
| 4. | Jeden z nejznámějších snímků d... | D) Sloupy stvoření | 0 | |
| 5. | Jak se jmenuje letošní nositel... | Karim Benzema, Real Madrid | 0 | |
| 6. | Ve výběru tohoto tématu na vás... | FK Teplice | 0 | |
| 7. | Filmy často vznikají podle kni... | Piráti z Karibiku | 1 | |
| 8. | Poznejte podle indicií film, j... | Hotel Modrá hvězda, Nataša Gollová | 0 | |
| 9. | Napište název snímku režiséra... | Rudá volavka (Red Sparrow) | 0 | |
| 10. | Černá kočka, bílý kocour je bl... | Emir Kusturica | 0 |